Biblioteca

Das hebräische Denken im Vergleich mit dem Griechischen. (Registro nro. 65800)

Detalles MARC
000 -LÍDER
Campo fijo de descripción fija 01985cam a2200373 i 4500
001 - NÚMERO DE CONTROL
Campo de control 768714001
003 - IDENTIFICADOR DEL NÚMERO DE CONTROL
Campo de control CO-MdFUSB
005 - FECHA Y HORA DE LA ULTIMA TRANSACCIÓN
control field 20240716085648.0
007 - CAMPO FIJO DE DESCRIPCIÓN FIJA--INFORMACIÓN GENERAL
Campo fijo de descripción fija ta
008 - ELEMENTOS DE LONGITUD FIJA -- INFORMACIÓN GENERAL
Campo fijo de descripción fija -- Información general 780602t1983 gw 000 0 ger
010 ## - NÚMERO DE CONTROL DE LA BIBLIOTECA DEL CONGRESO
Número de control LC 53022802
020 ## - NÚMERO INTERNACIONAL NORMALIZADO PARA LIBROS
Número Internacional Normalizado del libro 9783525535011
040 ## - FUENTE DE CATALOGACIÓN
Agencia de catalogación original DLC
Agencia que realiza la transcripción CO-MdFUSB
Agencia que realiza la modificación OCoLC
-- CO-MdFUSB
-- DLC
Idioma de catalogación spa
Convenciones de la descripción rda
041 ## - CÓDIGO DE IDIOMA
Código de idioma para texto/pista de sonido o título separado ger
042 ## - AUTHENTICATION CODE
Authentication code premarc
082 ## - NÚMERO DE CLASIFICACIÓN DECIMAL DEWEY
Número de la edición del Dewey 23
Número de clasificación 181.3
Clave de autor-Numero de item B695
100 1# - ASIENTO PRINCIPAL--NOMBRE PERSONAL
Nombre personal Boman, Thorleif.
Término relacionador autor
245 14 - TÍTULO
Título del Material Das hebräische Denken im Vergleich mit dem Griechischen.
Mención de responsabilidad, etc. / Thorleif Boman
264 #1 - PRODUCCIÓN, PUBLICACIÓN, DISTRIBUCIÓN, MANUFACTURA, Y COPYRIGHT
Lugar de producción, publicación, distribución, manufactura Göttingen :
Nombre del productor, publicador, distribuidor Vandenhoeck y Ruprecht,
Fecha de producción, publicación, distribución, manufactura, o copyright [1983]
264 #4 - PRODUCCIÓN, PUBLICACIÓN, DISTRIBUCIÓN, MANUFACTURA, Y COPYRIGHT
Fecha de producción, publicación, distribución, manufactura, o copyright © 1983
300 ## - DESCRIPCIÓN FÍSICA
Extensión 186 pàginas. ;
Dimensiones 24 cm.
336 ## - TIPO DE CONTENIDO
Fuente rdacontent
Término de tipo de contenido texto
Código de tipo de contenido txt
337 ## - TIPO DE MEDIO
Fuente rdamedia
Nombre del tipo de medio sin mediación
Código del tipo de medio n
338 ## - TIPO DE SOPORTE
Fuente rdacarrier
Nombre del tipo de soporte volumen
Código Tipo de soporte nc
504 ## - NOTA DE BIBLIOGRAFÍA, ETC.
Nota de bibliografía, etc Incluye referencias bibliográficas páginas (181-184)
505 ## - NOTA DE CONTENIDO
Información miscelánea Primera parte:
Título Pensamiento dinámico y estático:
Nota de contenido con formato preestablecido Dinámico. -- Ser estático. -- El ser vanidoso. -- La palabra. -- Conceptos e ideas colectivas.
Información miscelánea Segunda parte:
Título Impresión y apariencia:
Nota de contenido con formato preestablecido La impresión de los edificios. -- La impresión de las personas. -- La impresión de las cosas. -- La impresión de Dios. -- Aparición en el pensamiento griego.
Información miscelánea Tercera parte:
Título Tiempo y espacio:
Nota de contenido con formato preestablecido La visión greco-europea del tiempo. -- La visión israelita del tiempo. -- El espacio. -- Tamaño y número. -- Historia y naturaleza.
Información miscelánea Cuarta parte:
Título Simbolismo e instrumentalismo:
Nota de contenido con formato preestablecido La concepción hebrea de las cosas. -- La concepción griega de las cosas.
Información miscelánea Quinta parte:
Título Pensamiento lógico y comprensión psicológico:
Nota de contenido con formato preestablecido Lógica y psicología. -- La justificación de ambos puntos de vista. -- La independencia de los pensadores israelitas. -- Las características formales de los dos formas de pensar.
563 ## - NOTA DE ENCUADERNACIÓN
Nota de encuadernación Rùstico
650 #0 - ASIENTO SECUNDARIO DE MATERIA - TERMINO TEMÁTICO
Término temático o nombre geográfico como elemento de entrada Judaísmo (Teología cristiana)
9 (RLIN) 1049
942 ## - TIPO DE MATERIAL (KOHA)
Tipo de Item KOHA Libros General
945 ## - INFORMACIÓN LOCAL DEL REGISTRO
Catalogador JTF-925
Existencias
Estado de Material Estado de Perdido Forma de Clasificación Estado de Dañado No para Préstamo Colección Biblioteca de Origen Biblioteca Permanente Fecha de Adquisición Forma de Adquisición Área Total de Préstamos Signatura Topográfica Código de Barras Última vez visto Ejemplar/Existencia Fecha de Remplazo Tipo de Material
    Dewey Decimal Classification     Colección General Biblioteca FUSBC Biblioteca FUSBC 23/04/2020 Donación Nottingham TEOLOGÍA CRISTIANA   G 181.3 B695d 24566 23/04/2020 Ej.1 23/04/2020 Libros General

Biblioteca FUSBC | Teléfono: (57+4) 349 88 10 Ext. 141| WhatsApp (+57) 3005338115 
E-mail: biblioteca@unisbc.edu.co | Calle 76 87-14 Robledo Palenque, Medellín, Colombia

Con tecnología Koha